000 00609nam a22001937a 4500
005 20251108172439.0
008 250721s9999 xx 000 0 ara d
082 1 4 _a709.029560669سال
100 1 _aسالم، عبدالعزيز صلاح
245 1 0 _aفنون الإسلامية في العصر الأيوبي /
264 1 _aالقاهرة :
_bمركز الكتاب للنشر،
300 _a382ص
650 1 7 _aالفنون الإسلامية
650 1 7 _aالزخرفة
650 1 7 _aالعصر الأيوبي
653 _aالتحف المعدنية
942 _2ddc
_cBK
999 _c79577
_d79577